00698nam a22001937a 4500999001700000003000900017008004100026040007100067082002500138100002200163245002400185260002900209300002800238505008700266650002500353942001600378945000800394952010200402  c11613d11613AR-CdUCM190404b           ||||| |||| 00| 0 spa d  aMUNICIPALIDAD PROVINCIAL DEL CUSCOcBIBLIOTECA MUNICIPAL DEL CUSCO  a891.709 /bP67 /1938  aPlisnier, Charles  aFalsos pasaportes /  aChile :bZig-Zag,c1938.  a353 páginas ;c18 cm.  aContenido :Advertencia -- recuerdos de un agitador --Maurer -- Ditka -- Carlota...  aObra literaria.9308  2ddccLIBROS  awfj  002ddc4070aSCAbSCAcCARTd2019-04-04g40.00o891.709/P67/1938pSCA0001468r2019-04-04yLIBROS